[Event "XXV Festival Conca della Presolana A"]
[Site "Bratto - Castione della Presolana ITA"]
[Date "2005.08.20"]
[Round "1"]
[White "Di Donato, Giovanni"]
[Black "Giretti Kanev, Jasen"]
[Result "0-1"]
[WhiteElo "1999"]
[BlackElo "2183"]
[PlyCount "92"]
[EventDate "2005.08.20"]

1. e4 c6 2. d4 g6 3. Nf3 Bg7 4. Bd3 d6 5. c3 Nf6 6. O-O O-O 7. h3 Nbd7 8. Be3
e5 9. Re1 d5 10. Nbd2 dxe4 11. Bxe4 Nxe4 12. Nxe4 exd4 13. Bxd4 Nf6 14. Bxf6
Bxf6 15. Nxf6+ Qxf6 16. Qd4 Qxd4 17. Nxd4 c5 18. Nb5 Bd7 19. Nd6 b6 20. Re7 Be6
21. Nb5 a5 22. Nc7 Ra7 23. Nxe6 Rxe7 24. Nxf8 Kxf8 25. Kf1 Rd7 26. Ke2 b5 27.
Rd1 Rxd1 28. Kxd1 Ke7 29. Ke2 Ke6 30. Ke3 Ke5 31. f4+ Kd5 32. Kf3 h6 33. g3 b4
34. cxb4 cxb4 35. Ke3 Kc4 36. Ke4 a4 37. Ke3 f5 38. h4 a3 39. Kd2 axb2 40. Kc2
b1=Q+ 41. Kxb1 b3 42. a3 Kb5 43. Ka1 Ka4 44. h5 gxh5 45. Kb2 h4 46. g4 h3 0-1

[Event "XXV Festival Conca della Presolana A"]
[Site "Bratto - Castione della Presolana ITA"]
[Date "2005.08.20"]
[Round "1"]
[White "Di Paolo, Raffaele"]
[Black "Brigati, Alessandro"]
[Result "1-0"]
[WhiteElo "2271"]
[BlackElo "2034"]
[PlyCount "79"]
[EventDate "2005.08.20"]

1. e4 d6 2. d4 Nf6 3. Nc3 g6 4. f3 Bg7 5. Be3 c6 6. Qd2 b5 7. g4 Bb7 8. Bh6
Bxh6 9. Qxh6 Nbd7 10. h4 Qa5 11. h5 O-O-O 12. Nge2 b4 13. Nd1 c5 14. c3 Ba6 15.
Qd2 Qb6 16. Ne3 Rhe8 17. hxg6 hxg6 18. g5 Nh5 19. Nd5 Qb7 20. cxb4 e6 21. Ne3
cxb4 22. Nc2 Bxe2 23. Bxe2 a5 24. a3 Ng3 25. Rh3 Nxe2 26. Kxe2 Qb5+ 27. Kf2 b3
28. a4 Qb6 29. Na3 d5 30. Kg2 Rh8 31. Rc1+ Kb7 32. Rxh8 Rxh8 33. Nb5 dxe4 34.
Qf4 exf3+ 35. Qxf3+ Kb8 36. Rc6 Qb7 37. d5 exd5 38. Qg3+ Ka8 39. Rc7 Qb6 40.
Rxd7 1-0

[Event "XXV Festival Conca della Presolana A"]
[Site "Bratto - Castione della Presolana ITA"]
[Date "2005.08.20"]
[Round "1"]
[White "Femiano, Andrea"]
[Black "Magrini, Fabrizio"]
[Result "0-1"]
[WhiteElo "2177"]
[BlackElo "1996"]
[PlyCount "72"]
[EventDate "2005.08.20"]

1. e4 c5 2. Nf3 Nc6 3. d4 cxd4 4. Nxd4 Nf6 5. Nc3 e5 6. Ndb5 d6 7. Bg5 a6 8.
Na3 b5 9. Nd5 Qa5+ 10. Bd2 Qd8 11. c4 Nxe4 12. cxb5 Be6 13. Ne3 Qf6 14. f3 Qh4+
15. g3 Nxg3 16. Ng2 Qh3 17. bxc6 Nxh1 18. Bg5 Qxh2 19. Bh4 g5 20. Bf2 Bh3 21.
Qb3 Bg7 22. Nc4 O-O 23. Nce3 Nxf2 24. Kxf2 Rab8 25. Qc2 e4 26. Rb1 exf3 27.
Kxf3 Bxg2+ 28. Nxg2 Qh3+ 29. Ke2 Rfe8+ 30. Kd2 Qf3 31. Qd3 Qxc6 32. Ne3 Be5 33.
Nd5 Qa4 34. b4 Qxa2+ 35. Kd1 Rb5 36. Nc3 Bxc3 0-1

[Event "XXV Festival Conca della Presolana A"]
[Site "Bratto - Castione della Presolana ITA"]
[Date "2005.08.20"]
[Round "1"]
[White "Gardi, Giuseppe"]
[Black "Vezzosi, Paolo"]
[Result "0-1"]
[WhiteElo "2099"]
[BlackElo "2380"]
[PlyCount "172"]
[EventDate "2005.08.20"]

1. d4 Nf6 2. Nf3 c5 3. e3 b6 4. Bd3 Bb7 5. O-O g6 6. Nbd2 Bg7 7. c3 Nc6 8. Ne4
Nxe4 9. Bxe4 d5 10. Bc2 O-O 11. Bd2 Qd6 12. Ba4 Rfd8 13. b4 cxb4 14. Bxc6 Bxc6
15. cxb4 Bb5 16. Re1 Rdc8 17. Qb1 Ba4 18. Rc1 Qd7 19. Qb2 Rc4 20. Rxc4 dxc4 21.
Rc1 Rc8 22. Bc3 Qb7 23. Qe2 Bc6 24. Ne1 b5 25. f3 f5 26. Nc2 e6 27. Re1 Rf8 28.
Qf2 Qa6 29. Ra1 Qa4 30. Qd2 Rf7 31. Ne1 Rd7 32. Qc2 Qa6 33. Qb2 g5 34. Qd2 h6
35. Nc2 e5 36. a3 e4 37. Qf2 exf3 38. gxf3 Qa4 39. Ne1 Qb3 40. Qb2 Qxb2 41.
Bxb2 f4 42. Kf2 Kf7 43. Rd1 fxe3+ 44. Kxe3 Kg6 45. Bc3 Re7+ 46. Kf2 Bd5 47. Ra1
Bc6 48. Rd1 Rd7 49. Nc2 h5 50. h3 a6 51. Re1 Rf7 52. Re6+ Rf6 53. Rxf6+ Bxf6
54. Ne3 Be7 55. Bb2 Bd6 56. Nd1 Bf4 57. Nc3 h4 58. Ne2 Bc7 59. Bc1 Bd7 60. Kg2
a5 61. Bd2 axb4 62. Bxb4 Kf6 63. Nc3 Bd8 64. Ne4+ Kf5 65. Bc3 Bc6 66. Nd6+ Ke6
67. Ne4 Be7 68. Bb2 Kf5 69. Nc3 b4 70. axb4 Bxb4 71. Ne2 Bd2 72. Kf2 Bd7 73.
Bc3 Bxc3 74. Nxc3 Bc6 75. Ke3 Ke6 76. Ne2 Bb7 77. Nc3 Kf5 78. Ne2 Kf6 79. Kf2
Bc8 80. Kg2 Bf5 81. f4 g4 82. hxg4 Bxg4 83. Nc3 Kf5 84. d5 Kxf4 85. d6 Ke5 86.
Nb5 Bd7 0-1

[Event "XXV Festival Conca della Presolana A"]
[Site "Bratto - Castione della Presolana ITA"]
[Date "2005.08.20"]
[Round "1"]
[White "Gosio, Denis"]
[Black "Tencati, Giuseppe"]
[Result "1/2-1/2"]
[WhiteElo "2152"]
[BlackElo "2109"]
[PlyCount "139"]
[EventDate "2005.08.20"]

1. e4 e6 2. d4 d5 3. Nd2 Nf6 4. e5 Nfd7 5. Bd3 c5 6. c3 Nc6 7. Ne2 cxd4 8. cxd4
Qb6 9. Nf3 f6 10. exf6 Nxf6 11. O-O Bd6 12. Nc3 Bd7 13. Re1 O-O 14. Bg5 Rae8
15. a3 Ng4 16. Bh4 Nh6 17. Bg3 Bxg3 18. hxg3 Nf5 19. Na4 Qd8 20. Bxf5 Rxf5 21.
Nc5 Bc8 22. Nd3 Ref8 23. Nde5 Nxe5 24. Rxe5 Qf6 25. Qe2 Bd7 26. Rc1 Qd8 27.
Rxf5 exf5 28. Qe5 Bc6 29. Qe6+ Kh8 30. Ne5 Qf6 31. Qxf6 Rxf6 32. f4 Kg8 33. Kf2
Kf8 34. b4 a6 35. Rh1 h6 36. Rc1 Ke7 37. Rc5 Kd6 38. Nxc6 bxc6 39. Ra5 Kc7 40.
Rxa6 Kb7 41. Ra5 Re6 42. Rc5 Re4 43. b5 cxb5 44. Rxb5+ Kc6 45. Rb4 g5 46. fxg5
hxg5 47. a4 Re8 48. a5 Re4 49. Kf3 Kc7 50. a6 Re8 51. Rb7+ Kc6 52. Rf7 Kb5 53.
Rxf5 Kc4 54. Rxg5 Kxd4 55. a7 Re3+ 56. Kf2 Ra3 57. Rg7 Kd3 58. Re7 d4 59. g4
Kc2 60. g5 d3 61. Rc7+ Kd1 62. g6 Ra2+ 63. Kf3 d2 64. g7 Ke1 65. Re7+ Kf1 66.
Rd7 Ra3+ 67. Kf4 Rxa7 68. Rxd2 Rf7+ 69. Ke3 Re7+ 70. Kf3 1/2-1/2

[Event "XXV Festival Conca della Presolana A"]
[Site "Bratto - Castione della Presolana ITA"]
[Date "2005.08.20"]
[Round "1"]
[White "Hunt, Adam C."]
[Black "Mosca, Leonildo"]
[Result "1-0"]
[WhiteElo "2427"]
[BlackElo "2115"]
[PlyCount "61"]
[EventDate "2005.08.20"]

1. e4 Nf6 2. e5 Nd5 3. d4 d6 4. Nf3 Nb6 5. Be2 Bg4 6. O-O e6 7. exd6 cxd6 8. a4
a5 9. Nc3 Be7 10. h3 Bh5 11. d5 e5 12. Nd2 Bxe2 13. Qxe2 O-O 14. Nb3 Qc7 15.
Rd1 Qc4 16. Qe1 N8d7 17. Be3 Qb4 18. Nc1 Qh4 19. b3 f5 20. N1e2 f4 21. Bxb6
Nxb6 22. f3 Qxe1+ 23. Rxe1 Rac8 24. Red1 Rc5 25. Rab1 Rfc8 26. Rd3 Kf8 27. Kf1
Ke8 28. b4 axb4 29. Rxb4 Bd8 30. Ne4 Rc4 31. Nxd6+ 1-0

[Event "XXV Festival Conca della Presolana A"]
[Site "Bratto - Castione della Presolana ITA"]
[Date "2005.08.20"]
[Round "1"]
[White "Iordachescu, Viorel"]
[Black "Ricci, Marco"]
[Result "1-0"]
[WhiteElo "2606"]
[BlackElo "2147"]
[PlyCount "167"]
[EventDate "2005.08.20"]

1. c4 e5 2. Nc3 Nf6 3. Nf3 Nc6 4. g3 d5 5. cxd5 Nxd5 6. Bg2 Nb6 7. O-O Be7 8.
a3 Be6 9. b4 O-O 10. Rb1 f6 11. d3 Nd5 12. Bb2 Nxc3 13. Bxc3 Nd4 14. Nd2 Bd5
15. Bxd5+ Qxd5 16. e4 Qd7 17. Bxd4 Qxd4 18. Nf3 Qd7 19. Qb3+ Kh8 20. Rfd1 c5
21. Nh4 g6 22. Ng2 cxb4 23. axb4 a5 24. bxa5 Rxa5 25. Qxb7 Qxb7 26. Rxb7 Bc5
27. Rc1 f5 28. exf5 gxf5 29. Rc7 Bb6 30. Rc8 Rxc8 31. Rxc8+ Kg7 32. Nh4 e4 33.
Rb8 Ba7 34. Rb7+ Kf6 35. dxe4 fxe4 36. Rb2 Bd4 37. Re2 Re5 38. Kf1 Bc3 39. Ng2
Bd4 40. Nf4 Kf5 41. Rd2 Bc5 42. Rd8 Re7 43. Ke2 Ba7 44. h4 Rc7 45. Rf8+ Ke5 46.
Nh5 Bc5 47. Rf4 Rb7 48. Kf1 Rb1+ 49. Kg2 Rb2 50. Nf6 e3 51. Nd7+ Kd6 52. Nxc5
Kxc5 53. Rf3 exf2 54. Rxf2 Rb4 55. Rf7 h5 56. Rf5+ Kd6 57. Rxh5 Ke6 58. Ra5 Kf6
59. Kh3 Kg6 60. h5+ Kh6 61. g4 Rb1 62. Ra6+ Kg7 63. Kh4 Rb4 64. h6+ Kh7 65. Kh5
Rb1 66. Ra7+ Kh8 67. g5 Rb5 68. Re7 Ra5 69. Kg6 Ra6+ 70. Kf5 Ra1 71. g6 Rf1+
72. Ke6 Re1+ 73. Kd6 Rd1+ 74. Kc5 Rc1+ 75. Kd4 Rd1+ 76. Kc3 Rc1+ 77. Kd2 Rc8
78. Rf7 Ra8 79. g7+ Kg8 80. Rf6 Rd8+ 81. Ke3 Re8+ 82. Kf4 Rc8 83. Kg5 Kh7 84.
Rf8 1-0

[Event "XXV Festival Conca della Presolana A"]
[Site "Bratto - Castione della Presolana ITA"]
[Date "2005.08.20"]
[Round "1"]
[White "Kidane, Robel"]
[Black "Maiorov, Nikita"]
[Result "0-1"]
[WhiteElo "2120"]
[BlackElo "2453"]
[PlyCount "82"]
[EventDate "2005.08.20"]

1. e4 e5 2. Nf3 Nc6 3. Bb5 a6 4. Ba4 Nf6 5. O-O Be7 6. c3 Nxe4 7. Re1 Nc5 8.
Bxc6 dxc6 9. Nxe5 O-O 10. d4 Ne6 11. Be3 Re8 12. Nd2 Bf8 13. Qf3 f6 14. Nd3 Qd5
15. c4 Qxf3 16. Nxf3 Rd8 17. Rad1 g5 18. h3 b6 19. a3 a5 20. Nc1 Ng7 21. Ne2
Be6 22. Nd2 h6 23. g4 f5 24. f3 Be7 25. a4 h5 26. gxh5 f4 27. Bf2 Kf7 28. Nc3
Nxh5 29. Kg2 Ng7 30. b3 Rh8 31. Rh1 Bd7 32. Nde4 Rh6 33. d5 Rah8 34. dxc6 Bxh3+
35. Kg1 Rxc6 36. Nd5 Bd8 37. Bd4 Rch6 38. c5 bxc5 39. Bxg7 Kxg7 40. Nxc7 Bxc7
41. Rxh3 Rxh3 0-1

[Event "XXV Festival Conca della Presolana A"]
[Site "Bratto - Castione della Presolana ITA"]
[Date "2005.08.20"]
[Round "1"]
[White "Lalic, Bogdan"]
[Black "Cazzaniga, Walter"]
[Result "1-0"]
[WhiteElo "2491"]
[BlackElo "2123"]
[PlyCount "49"]
[EventDate "2005.08.20"]

1. d4 Nf6 2. c4 g6 3. g3 Bg7 4. Bg2 O-O 5. Nf3 d6 6. O-O c6 7. Nc3 Nbd7 8. e4
e5 9. Be3 Ng4 10. Bg5 f6 11. Bd2 Qb6 12. b3 f5 13. exf5 exd4 14. Na4 Qc7 15.
fxg6 hxg6 16. Nh4 Nde5 17. h3 Nh6 18. f4 g5 19. Qh5 gxf4 20. Bxf4 Qf7 21. Qxh6
Bxh6 22. Bxh6 Qh5 23. Rxf8+ Kh7 24. Be4+ Kxh6 25. Rh8+ 1-0

[Event "XXV Festival Conca della Presolana A"]
[Site "Bratto - Castione della Presolana ITA"]
[Date "2005.08.20"]
[Round "1"]
[White "Lanzani, Mario"]
[Black "Pegoraro, Nicola"]
[Result "1-0"]
[WhiteElo "2356"]
[BlackElo "2085"]
[PlyCount "81"]
[EventDate "2005.08.20"]

1. e4 c5 2. Nf3 d6 3. d4 cxd4 4. Nxd4 Nf6 5. Nc3 a6 6. Be2 e5 7. Nb3 Be7 8. O-O
O-O 9. Kh1 Qc7 10. a4 b6 11. Be3 Bb7 12. f3 Nc6 13. Qd2 Nb4 14. a5 b5 15. Bb6
Qd7 16. Nxb5 Nxc2 17. Rac1 axb5 18. Rxc2 Rfc8 19. Rfc1 Rxc2 20. Rxc2 Rc8 21.
Rxc8+ Bxc8 22. Qc3 g6 23. Qc7 Kg7 24. Qxd7 Nxd7 25. Bc7 Ba6 26. Nc1 Nc5 27. Na2
b4 28. Bd1 Nd3 29. Bc2 b3 30. Bxb3 Nc5 31. Bd5 Ne6 32. Bxe6 fxe6 33. Nb4 Bb7
34. a6 Ba8 35. Nd3 Kf7 36. b4 Ke8 37. b5 Kd7 38. Ba5 Bd8 39. Bxd8 Kxd8 40. b6
Bc6 41. Nb4 1-0

[Event "XXV Festival Conca della Presolana A"]
[Site "Bratto - Castione della Presolana ITA"]
[Date "2005.08.20"]
[Round "1"]
[White "Lovati, Paolo"]
[Black "Castaldo, Folco"]
[Result "0-1"]
[WhiteElo "2081"]
[BlackElo "2352"]
[PlyCount "104"]
[EventDate "2005.08.20"]

1. c4 f5 2. g3 Nf6 3. Bg2 e6 4. Nf3 Be7 5. O-O O-O 6. b3 d6 7. d3 Qe8 8. Nc3
Nc6 9. Rb1 a6 10. b4 Rb8 11. a4 a5 12. bxa5 Nxa5 13. c5 dxc5 14. Nb5 Qd8 15.
Ne5 c6 16. Na3 Nd5 17. Nac4 Nc3 18. Qe1 Nxb1 19. Nxa5 Bf6 20. Bb2 Na3 21. Naxc6
bxc6 22. Nxc6 Qd6 23. Bxa3 Rb3 24. Bc1 Bb7 25. Na5 Bxg2 26. Kxg2 Rb4 27. Qd1
Ra8 28. Nc4 Qc6+ 29. Kg1 Rbxa4 30. Bb2 Bxb2 31. Nxb2 Ra2 32. Nc4 Qa4 33. Qxa4
R8xa4 34. Re1 g5 35. Ne5 Kg7 36. Kf1 h5 37. Rc1 Ra1 38. Rxa1 Rxa1+ 39. Kg2 Ra2
40. Kf1 Rc2 41. Nf3 g4 42. Ne5 Kf6 43. Nd7+ Ke7 44. Ne5 Rc1+ 45. Kg2 Re1 46. e3
Rd1 47. d4 cxd4 48. exd4 Kd6 49. h4 Rxd4 50. Nf7+ Ke7 51. Ne5 Kf6 52. Nc6 Ra4
0-1

[Event "XXV Festival Conca della Presolana A"]
[Site "Bratto - Castione della Presolana ITA"]
[Date "2005.08.20"]
[Round "1"]
[White "Manzoni, Alessandro"]
[Black "Qendro, Llambi"]
[Result "0-1"]
[WhiteElo "2086"]
[BlackElo "2357"]
[PlyCount "58"]
[EventDate "2005.08.20"]

1. e4 g6 2. Nc3 Bg7 3. g3 e5 4. Bg2 d6 5. Nge2 c5 6. O-O Ne7 7. d3 O-O 8. Bg5
f6 9. Be3 Nbc6 10. Qd2 Nd4 11. f4 Be6 12. h3 Qd7 13. Kh2 Rae8 14. g4 f5 15.
exf5 gxf5 16. g5 Ng6 17. Rac1 Kh8 18. Kg1 Bg8 19. Bf2 b5 20. Nxd4 exd4 21. Ne2
Rxe2 22. Qxe2 Nxf4 23. Qf3 Be5 24. Qc6 Nxh3+ 25. Kh1 Nxf2+ 26. Rxf2 Qg7 27. Qf3
Qxg5 28. Rg1 Qh4+ 29. Bh3 Bd5 0-1

[Event "XXV Festival Conca della Presolana A"]
[Site "Bratto - Castione della Presolana ITA"]
[Date "2005.08.20"]
[Round "1"]
[White "Marzano, Carlo"]
[Black "Cedriano, Filippo"]
[Result "1/2-1/2"]
[WhiteElo "2201"]
[BlackElo "2005"]
[PlyCount "59"]
[EventDate "2005.08.20"]

1. d4 d5 2. Nf3 Nf6 3. Bg5 e6 4. Nbd2 Be7 5. e3 Nbd7 6. Bd3 c5 7. c3 b6 8. Qb1
h6 9. Bh4 Bb7 10. O-O O-O 11. b4 c4 12. Bc2 b5 13. a4 a6 14. Re1 Re8 15. a5 Qc7
16. Bg3 Bd6 17. Bxd6 Qxd6 18. e4 e5 19. dxe5 Nxe5 20. Nd4 Nxe4 21. Nxe4 dxe4
22. Bxe4 Bxe4 23. Qxe4 Nd3 24. Qxe8+ Rxe8 25. Rxe8+ Kh7 26. Re2 Qd5 27. Rd2 Qg5
28. Nf3 Qf6 29. Nd4 Qg5 30. Nf3 1/2-1/2

[Event "XXV Festival Conca della Presolana A"]
[Site "Bratto - Castione della Presolana ITA"]
[Date "2005.08.20"]
[Round "1"]
[White "Mazzilli, Piero"]
[Black "Mazzariol, Oscar"]
[Result "1-0"]
[WhiteElo "2341"]
[BlackElo "2078"]
[PlyCount "103"]
[EventDate "2005.08.20"]

1. d4 Nf6 2. Nc3 d6 3. e4 Nbd7 4. f4 e5 5. dxe5 dxe5 6. fxe5 Nxe5 7. Qxd8+ Kxd8
8. Bf4 Bd6 9. O-O-O Bd7 10. Kb1 Re8 11. Nf3 Nfg4 12. Bb5 Nxf3 13. Bxd6 Nfe5 14.
Bxd7 Nxd7 15. Bg3 Nge5 16. Rd2 c6 17. Ne2 Ke7 18. Rhd1 Rad8 19. Nd4 g6 20. b3
f6 21. Nf3 Nxf3 22. Bd6+ Ke6 23. gxf3 Ne5 24. f4 Nf7 25. Bc5 Rxd2 26. Rxd2 b6
27. Bf2 Nd6 28. Re2 Kd7 29. e5 fxe5 30. fxe5 Nf7 31. Bg3 Ke6 32. Rf2 Re7 33.
Rf6+ Kd5 34. c4+ Kd4 35. Rxc6 Nxe5 36. Rd6+ Ke4 37. Kc2 h5 38. Bxe5 Rxe5 39.
Rxg6 Kf3 40. Rg3+ Kf4 41. Rg2 h4 42. h3 Ke3 43. Rg4 Rh5 44. Kc3 a5 45. a3 Rh6
46. b4 Rh5 47. Rg6 b5 48. cxb5 Rxb5 49. Rh6 axb4+ 50. axb4 Rb7 51. Rxh4 Rc7+
52. Kb3 1-0

[Event "XXV Festival Conca della Presolana A"]
[Site "Bratto - Castione della Presolana ITA"]
[Date "2005.08.20"]
[Round "1"]
[White "Miatello, Alberto"]
[Black "Gromovs, Sergejs"]
[Result "0-1"]
[WhiteElo "2095"]
[BlackElo "2375"]
[PlyCount "58"]
[EventDate "2005.08.20"]

1. e4 c5 2. Nf3 d6 3. d4 cxd4 4. Nxd4 Nf6 5. Nc3 a6 6. Bc4 e6 7. Bb3 Nbd7 8.
Bg5 Nc5 9. Qe2 Be7 10. Bxf6 Bxf6 11. Rd1 Nxb3 12. axb3 O-O 13. O-O b5 14. b4
Bb7 15. Nb3 Rc8 16. Na5 Ba8 17. Rd3 Qc7 18. Rfd1 Rfd8 19. f4 Be7 20. f5 d5 21.
Qg4 dxe4 22. Nxe4 Rxd3 23. cxd3 exf5 24. Qxf5 Bxb4 25. Nb3 Qb6+ 26. Kh1 Qe6 27.
Qxe6 fxe6 28. Nd4 Bxe4 29. dxe4 Rd8 0-1

[Event "XXV Festival Conca della Presolana A"]
[Site "Bratto - Castione della Presolana ITA"]
[Date "2005.08.20"]
[Round "1"]
[White "Mihalj, Miroslav M."]
[Black "Tagliagambe, Stefano"]
[Result "1-0"]
[WhiteElo "2298"]
[BlackElo "2055"]
[PlyCount "89"]
[EventDate "2005.08.20"]

1. e4 c5 2. Ne2 e6 3. g3 Nf6 4. Bg2 Nc6 5. O-O Be7 6. Nbc3 O-O 7. f4 d6 8. d3
Qc7 9. h3 a6 10. Be3 Rb8 11. g4 Re8 12. Qd2 b5 13. g5 b4 14. Nd1 Nd7 15. Nf2
Nf8 16. Ng4 f5 17. gxf6 gxf6 18. f5 Ne5 19. Nh6+ Kh8 20. Qe1 Bd8 21. Nf4 exf5
22. exf5 Bb7 23. Qg3 Qg7 24. Qxg7+ Kxg7 25. Nh5+ Kh8 26. Bxb7 Rxb7 27. Kf2 Nf7
28. Rg1 Nxh6 29. Bxh6 Re5 30. Bg7+ Rxg7 31. Nxg7 Re7 32. Rae1 Rxg7 33. Re8 Rxg1
34. Kxg1 Ba5 35. Rxf8+ Kg7 36. Ra8 b3 37. axb3 Bd2 38. Rxa6 Bf4 39. Kg2 Kh6 40.
h4 Kh5 41. Kh3 Be5 42. c3 Kh6 43. Ra7 Bf4 44. Rd7 Be5 45. b4 1-0

[Event "XXV Festival Conca della Presolana A"]
[Site "Bratto - Castione della Presolana ITA"]
[Date "2005.08.20"]
[Round "1"]
[White "Mosconi, Ariel Oscar"]
[Black "Brunner, Nicolas"]
[Result "1/2-1/2"]
[WhiteElo "2102"]
[BlackElo "2386"]
[PlyCount "65"]
[EventDate "2005.08.20"]

1. e4 c5 2. c3 Nf6 3. e5 Nd5 4. d4 cxd4 5. cxd4 b6 6. Nf3 e6 7. Nc3 Nxc3 8.
bxc3 Qc7 9. Bd2 Bb7 10. Bd3 d6 11. O-O Nd7 12. Re1 Be7 13. Bg5 Bxg5 14. Nxg5 h6
15. Qh5 O-O 16. Re3 dxe5 17. Rg3 e4 18. Nxe4 f5 19. Qg6 Rf7 20. Bc4 Re8 21. Nd2
Bd5 22. Bb3 Nf6 23. Re1 Qf4 24. Nf3 Ne4 25. c4 Bb7 26. Rh3 Nd2 27. Ne5 Rfe7 28.
Rd3 Ne4 29. f3 Nf6 30. Qg3 Qxg3 31. hxg3 Kh7 32. Kf2 Rd8 33. Red1 1/2-1/2

[Event "XXV Festival Conca della Presolana A"]
[Site "Bratto - Castione della Presolana ITA"]
[Date "2005.08.20"]
[Round "1"]
[White "Nardelli, Marco"]
[Black "Shytaj, Luca"]
[Result "0-1"]
[WhiteElo "2108"]
[BlackElo "2395"]
[PlyCount "59"]
[EventDate "2005.08.20"]

1. e4 c5 2. Nf3 d6 3. d4 cxd4 4. Nxd4 Nf6 5. Nc3 a6 6. Be2 e5 7. Nb3 Be7 8. Bg5
Be6 9. O-O Nbd7 10. Kh1 Rc8 11. f4 h6 12. Bxf6 Nxf6 13. f5 Bc4 14. Nd2 Bxe2 15.
Qxe2 Qb6 16. Rf3 Qxb2 17. Rb1 Qxc2 18. Rxb7 Rxc3 19. Qxa6 O-O 20. Rxc3 Qxc3 21.
Nf1 Re8 22. Qb5 Qc5 23. Qa4 Qd4 24. Qb5 Qxe4 25. a4 Qd5 26. Qa6 e4 27. Qa7 Qxf5
28. Ne3 Qe5 29. h3 d5 30. Nc2 0-1

[Event "XXV Festival Conca della Presolana A"]
[Site "Bratto - Castione della Presolana ITA"]
[Date "2005.08.20"]
[Round "1"]
[White "Ori, Marco"]
[Black "Mogranzini, Roberto"]
[Result "1/2-1/2"]
[WhiteElo "2087"]
[BlackElo "2363"]
[PlyCount "85"]
[EventDate "2005.08.20"]

1. e4 c5 2. Nf3 e6 3. d4 cxd4 4. Nxd4 a6 5. Bd3 Qc7 6. Be3 Nc6 7. Nc3 Nf6 8.
O-O h5 9. Nxc6 Ng4 10. e5 bxc6 11. Bf4 Nxe5 12. Re1 d6 13. Bxe5 dxe5 14. Qe2
Be7 15. Qxe5 Qxe5 16. Rxe5 Rb8 17. Rb1 Bd6 18. Re2 O-O 19. Ne4 Be7 20. b3 Rd8
21. Kf1 a5 22. a4 g6 23. Nd2 Bb4 24. Nc4 Bc3 25. Ne5 Bb7 26. Bc4 c5 27. Re3 Bd4
28. Ree1 Kg7 29. Bb5 Rd5 30. Nc4 Rg5 31. f3 h4 32. h3 Bd5 33. Nxa5 Bc3 34. Nc4
Bxe1 35. Rxe1 Rh5 36. Ne5 Rhh8 37. c4 Ba8 38. Nd7 Rbc8 39. Re5 Rh5 40. Rxh5
gxh5 41. Nb6 Rd8 42. Nd7 Rc8 43. Nb6 1/2-1/2

[Event "XXV Festival Conca della Presolana A"]
[Site "Bratto - Castione della Presolana ITA"]
[Date "2005.08.20"]
[Round "1"]
[White "Paolinelli, Giacomo"]
[Black "Vancini, Edoardo"]
[Result "1/2-1/2"]
[WhiteElo "2042"]
[BlackElo "2282"]
[PlyCount "79"]
[EventDate "2005.08.20"]

1. e4 c5 2. Nc3 Nc6 3. g3 g6 4. Bg2 Bg7 5. d3 d6 6. Be3 e6 7. Qd2 Nge7 8. Bh6
Bxh6 9. Qxh6 Nd4 10. Qd2 Qa5 11. Nge2 Nec6 12. O-O e5 13. Nc1 Be6 14. Nb3 Qb4
15. f4 O-O-O 16. Rf2 h5 17. Nxd4 Nxd4 18. Nd1 Qa4 19. h3 h4 20. g4 exf4 21. Nc3
Qb4 22. Rb1 f3 23. Bxf3 f5 24. Qe3 Nxf3+ 25. Qxf3 fxg4 26. hxg4 h3 27. a3 Qd4
28. Ne2 Qg7 29. Nf4 Qd7 30. Nxe6 Qxe6 31. Qg3 Qa2 32. Rff1 h2+ 33. Kh1 Rh7 34.
Qf4 Rh4 35. Qg3 Rdh8 36. Qxd6 Rxg4 37. Qxc5+ Kb8 38. Qd6+ Kc8 39. Qc5+ Kb8 40.
Qd6+ 1/2-1/2

[Event "XXV Festival Conca della Presolana A"]
[Site "Bratto - Castione della Presolana ITA"]
[Date "2005.08.20"]
[Round "1"]
[White "Piantoni, Roberto"]
[Black "Defend, Guerrino"]
[Result "1-0"]
[WhiteElo "2186"]
[BlackElo "2000"]
[PlyCount "97"]
[EventDate "2005.08.20"]

1. Nf3 g6 2. d4 Bg7 3. Bf4 d6 4. h3 Nd7 5. e3 Ngf6 6. Be2 O-O 7. O-O Re8 8. c4
Ne4 9. Nfd2 Nxd2 10. Qxd2 e5 11. dxe5 dxe5 12. Bh2 c6 13. Nc3 Qe7 14. Rfd1 Nf8
15. Qd6 Bd7 16. Ne4 b6 17. Rac1 Rac8 18. c5 b5 19. Qd2 Rc7 20. Qa5 Ne6 21. a4
bxa4 22. Qxa4 Rb8 23. b4 Rcb7 24. Rb1 Rc7 25. Qa5 Be8 26. Bc4 Nd8 27. Nd6 Rd7
28. Qa2 Kf8 29. b5 h6 30. Qa6 Rc7 31. b6 axb6 32. Rxb6 Ra7 33. Rxb8 Rxa6 34.
Bxa6 Bf6 35. Ne4 Kg7 36. Nxf6 Kxf6 37. Rbxd8 g5 38. R8d6+ Kg7 39. e4 f6 40. f3
Qa7 41. Bc8 Qxc5+ 42. Kh1 Kf7 43. Bg1 Qb4 44. Bg4 Ke7 45. Re6+ Kf7 46. Rd8 h5
47. Bf5 Qb7 48. Rexe8 Qb4 49. Rh8 1-0

[Event "XXV Festival Conca della Presolana A"]
[Site "Bratto - Castione della Presolana ITA"]
[Date "2005.08.20"]
[Round "1"]
[White "Pieri, Enzo"]
[Black "Scotti, Umberto"]
[Result "0-1"]
[WhiteElo "1959"]
[BlackElo "2158"]
[PlyCount "48"]
[EventDate "2005.08.20"]

1. e4 e6 2. d4 d5 3. e5 c5 4. c3 Nc6 5. Nf3 Nge7 6. a3 cxd4 7. cxd4 Nf5 8. b4
Be7 9. Be2 Bd7 10. O-O Qb6 11. Bb2 g5 12. g4 Ng7 13. h3 h5 14. Kg2 f5 15. exf6
Bxf6 16. Bd3 O-O-O 17. Nc3 hxg4 18. hxg4 Nxd4 19. Na4 Qd6 20. Bxd4 Bxd4 21.
Rc1+ Kb8 22. Nc5 Bxc5 23. bxc5 Qf4 24. c6 Qxg4# 0-1

[Event "XXV Festival Conca della Presolana A"]
[Site "Bratto - Castione della Presolana ITA"]
[Date "2005.08.20"]
[Round "1"]
[White "Podini, Francesco"]
[Black "Brancaleoni, Maurizio"]
[Result "1/2-1/2"]
[WhiteElo "2062"]
[BlackElo "2314"]
[PlyCount "53"]
[EventDate "2005.08.20"]

1. e4 d6 2. d4 Nf6 3. Nc3 Nbd7 4. Be3 e5 5. Nf3 Be7 6. h3 O-O 7. Bc4 c6 8. a4
exd4 9. Nxd4 d5 10. exd5 Nb6 11. Bb3 Nfxd5 12. Nxd5 Nxd5 13. Bxd5 Qxd5 14. O-O
Bf6 15. c3 Bd7 16. Qb3 Qxb3 17. Nxb3 b6 18. Rfd1 Be6 19. Nd4 Bd5 20. a5 g6 21.
Nxc6 Bxc6 22. Rd6 Bxc3 23. bxc3 Rac8 24. axb6 axb6 25. Bxb6 Bb5 26. Bd4 Rc7 27.
Ra5 1/2-1/2

[Event "XXV Festival Conca della Presolana A"]
[Site "Bratto - Castione della Presolana ITA"]
[Date "2005.08.20"]
[Round "1"]
[White "Rendle, Thomas E."]
[Black "Zanellato, Lorenzo"]
[Result "1/2-1/2"]
[WhiteElo "2358"]
[BlackElo "2087"]
[PlyCount "56"]
[EventDate "2005.08.20"]

1. e4 c6 2. d4 d5 3. e5 Bf5 4. Nc3 e6 5. g4 Bg6 6. Nge2 f6 7. Nf4 fxe5 8. Nxe6
Qe7 9. Nxf8 Kxf8 10. Be2 Nd7 11. O-O exd4 12. Qxd4 Ngf6 13. Bg5 b6 14. Rae1 Qc5
15. Qf4 h6 16. Bxf6 Nxf6 17. Na4 Qxc2 18. Bd1 Qc4 19. Qd6+ Kg8 20. Re7 Rf8 21.
b3 Qd4 22. Bf3 Bd3 23. Rfe1 Ne4 24. R1xe4 Bxe4 25. Rxe4 Qa1+ 26. Kg2 dxe4 27.
Qe6+ Rf7 28. Qe8+ Rf8 1/2-1/2

[Event "XXV Festival Conca della Presolana A"]
[Site "Bratto - Castione della Presolana ITA"]
[Date "2005.08.20"]
[Round "1"]
[White "Rigo, Gianfrancesco"]
[Black "Sbarra, Marco"]
[Result "1/2-1/2"]
[WhiteElo "2031"]
[BlackElo "2266"]
[PlyCount "55"]
[EventDate "2005.08.20"]

1. e4 c5 2. Nf3 Nc6 3. d4 cxd4 4. Nxd4 e6 5. Nc3 Qc7 6. Be3 a6 7. Bd3 b5 8. O-O
Bb7 9. f4 Bc5 10. Nce2 Nf6 11. Kh1 Nxd4 12. Nxd4 Bxe4 13. Bxe4 Nxe4 14. Qf3 d5
15. Rad1 O-O 16. c3 Rfe8 17. g4 Bf8 18. g5 Rad8 19. Qh5 g6 20. Qh4 Bg7 21. Rf3
Qe7 22. Nc6 Qc7 23. Nxd8 Rxd8 24. Bd4 Bxd4 25. Rxd4 e5 26. fxe5 Qxe5 27. Qf4
Qxf4 28. Rxf4 1/2-1/2